| 000 | 01281nac a22002891u 4500 | ||
|---|---|---|---|
| 010 | _a 2004273052 | ||
| 020 | _a052181412X (hardback) | ||
| 020 | _a0521891116 (pbk.) | ||
| 035 | _a(OCoLC)ocm53925624 | ||
| 082 | 0 | 4 |
_a327.116 _bB988 |
| 090 |
_c3300 _d3300 |
||
| 100 | _aBuzan, Barry. | ||
| 245 | 1 | 0 |
_aRegions and powers : _bthe structure of international security / _cBarry Buzan and Ole Wæver. |
| 260 |
_aCambridge ; _aNew York : _bCambridge University Press,2003 _c2003. |
||
| 300 |
_axxiv, 564 p. : _bill., maps ; _c24 cm. |
||
| 440 | 0 |
_aCambridge studies in international relations ; _v91 |
|
| 504 | _aIncludes bibliographical references (p. 493-542) and indexes. | ||
| 650 | 0 | _aRegionalism (International organization) | |
| 650 | 0 | _aSecurity, International. | |
| 650 | 0 | _aInternational relations. | |
| 650 | 0 |
_aWorld politics _y21st century. |
|
| 700 | 1 |
_aWæver, Ole, _d1960- |
|
| 856 | 4 | 1 |
_3Table of contents _uhttp://www.loc.gov/catdir/toc/cam051/2004273052.html |
| 856 | 4 | 1 |
_3Publisher description _uhttp://www.loc.gov/catdir/description/cam051/2004273052.html |
| 942 |
_cBB _k327.116B988 |
||
| 999 |
_c3300 _d3300 |
||